Palestrina musikalische Legende /

Hlavní autor: Pfitzner, Hans, 1869-1949
Další autoři: Wolfes, Felix, 1892-1971
Jazyk: Němčina
Vydáno: Berlin ; Paris : Adolph Fürstner, c1916
Fyzický popis: 1 klavírní výtah (369 s.)
Hudebniny Hudebniny
Uloženo v:
LEADER 00843ncm a22002292a 4500
001 001280128
003 CZ BrMZK
005 20150803140743.0
007 qu
008 130219s1916 gw |||||||||||||||||ger d
040 |a BOA001  |b cze 
044 |a gw  |a fr 
072 7 |a 782  |x Divadelní hudba. Opera, opereta, muzikál  |2 Konspekt  |9 9 
100 1 |a Pfitzner, Hans,  |d 1869-1949  |7 jn20000701404  |4 cmp 
245 1 0 |a Palestrina  |h [hudebnina] :  |b musikalische Legende /  |c von Hans Pfitzner ; Klavier-Auszug mit Text von Felix Wolfes 
260 |a Berlin ;  |a Paris :  |b Adolph Fürstner,  |c c1916 
300 |a 1 klavírní výtah (369 s.) 
700 1 |a Wolfes, Felix,  |d 1892-1971  |7 mzk2014828902  |4 adp 
910 |a BOA001  |b Mus4-0203.303 
990 |a MU 
991 |b 201302 
996 6 |b 2619518735  |c Mus4-0203.303  |l MZK  |r Sklad / do 1 hodiny  |n 0  |w 001314410  |u 000010  |a 1  |e BOA001  |j MZK50  |s P